书目信息 |
| 题名: |
Photoshop室内设计
|
|
| 作者: | 丁遂宁 著 ;张臻 , 蔡海玲 译 | |
| 分册: | ||
| 出版信息: | 北京 中国青年出版社 2018 |
|
| 页数: | 184页 | |
| 开本: | 29cm | |
| 丛书名: | ||
| 单 册: | ||
| 中图分类: | TU238.2-39 | |
| 科图分类: | ||
| 主题词: | 室内装饰设计--shi nei zhuang shi she ji--计算机辅助设计--图象处理软件 | |
| 电子资源: | ||
| ISBN: | 978-7-5153-4841-4 | |
| 000 | 01626nam0 2200301 450 | |
| 001 | 012001003683 | |
| 005 | 20131105104554.0 | |
| 010 | @a978-7-5153-4841-4@dCNY89.90 | |
| 099 | @aCAL 012018091516 | |
| 100 | @a20180717d2018 em y0chiy50 ea | |
| 101 | 1 | @achi@ceng |
| 102 | @aCN@b110000 | |
| 105 | @aa z 000yy | |
| 106 | @ar | |
| 200 | 1 | @aPhotoshop室内设计@APhotoshopshi nei she ji@e不用言语亦可沟通@d= Photoshop for interior designers@ea nonverbal communication@f(美) 丁遂宁著@g张臻, 蔡海玲译@zeng |
| 210 | @a北京@c中国青年出版社@d2018 | |
| 215 | @a184页@c彩图@d29cm | |
| 306 | @a本译作获Bloomsbury Publishing Plcs授权中国青年出版社独家出版发行 | |
| 330 | @a本书使用几种不同的软件来创建室内设计演示板, 高效传达设计理念。将Adobe Photoshop、 Autodesk AutoCAD、 Trimble SketchUp、 Adobe InDesign和手绘图形综合在一起组合图形完成演示板, 是当前设计界非常有价值的一种工作方法。这种方法能够帮助设计师优化图形, 创建出专业、精美的项目作品。本书正是教你怎么利用这种手法来更好展示你的室内设计作品。虽然本书的重点是使用Photoshop优化3D模型, 但同时还展示了SketchUp的使用方法, 以及使用InDesign组装演示板的方法, 每款软件各具特色和功能, 综合使用这些软件, 才能以最快速、最高效的方式创作出最精美的作品。 | |
| 510 | 1 | @aPhotoshop for interior designers@zeng |
| 517 | 1 | @a不用言语亦可沟通@Abu yong yan yu yi ke gou tong |
| 606 | 0 | @a室内装饰设计@Ashi nei zhuang shi she ji@x计算机辅助设计@x图象处理软件 |
| 690 | @aTU238.2-39@v5 | |
| 701 | 0 | @a丁遂宁@Ading sui ning@4著 |
| 702 | 0 | @a张臻@Azhang zhen@4译 |
| 702 | 0 | @a蔡海玲@Acai hai ling@4译 |
| 801 | 2 | @aCN@b上海新华@c20191020 |
| 905 | @b1206254-7@dTU238.2-39@e1616@f4 | |
| Photoshop室内设计:不用言语亦可沟通= Photoshop for interior designers:a nonverbal communication/(美) 丁遂宁著/张臻, 蔡海玲译.-北京:中国青年出版社,2018 |
| 184页:彩图;29cm |
| ISBN 978-7-5153-4841-4:CNY89.90 |
| 本书使用几种不同的软件来创建室内设计演示板, 高效传达设计理念。将Adobe Photoshop、 Autodesk AutoCAD、 Trimble SketchUp、 Adobe InDesign和手绘图形综合在一起组合图形完成演示板, 是当前设计界非常有价值的一种工作方法。这种方法能够帮助设计师优化图形, 创建出专业、精美的项目作品。本书正是教你怎么利用这种手法来更好展示你的室内设计作品。虽然本书的重点是使用Photoshop优化3D模型, 但同时还展示了SketchUp的使用方法, 以及使用InDesign组装演示板的方法, 每款软件各具特色和功能, 综合使用这些软件, 才能以最快速、最高效的方式创作出最精美的作品。 |
| ● |
| 相关链接 |
|
|
|
|
正题名:Photoshop室内设计
索取号:TU238.2-39/1616
 
预约/预借
| 序号 | 登录号 | 条形码 | 馆藏地/架位号 | 状态 | 备注 |
| 1 | 1206254 | 212062541 | 第二样本阅览室/ [索取号:TU238.2-39/1616] | 在馆 | |
| 2 | 1206255 | 212062550 | 第三借阅区/ [索取号:TU238.2-39/1616] | 在馆 | |
| 3 | 1206256 | 212062569 | 第三借阅区/ [索取号:TU238.2-39/1616] | 在馆 | |
| 4 | 1206257 | 212062578 | 第三借阅区/ [索取号:TU238.2-39/1616] | 在馆 |